[Event "Coria del Rio op 8th"]
[Site "Coria del Rio"]
[Date "2002.02.19"]
[Round "7"]
[White "Lauridsen, Jesper Morch"]
[Black "Soler Roses, Francesco"]
[Result "1-0"]
[WhiteElo "2283"]
[BlackElo "2135"]
[PlyCount "65"]
[EventDate "2002.02.13"]
[EventType "swiss"]
[EventRounds "9"]
[EventCountry "ESP"]
[SourceTitle "CBM 086 Extra"]
[Source "ChessBase"]
[SourceDate "2002.03.14"]
[SourceVersion "1"]
[SourceVersionDate "2002.03.14"]
[SourceQuality "1"]

1. e4 e5 2. Nf3 Nf6 3. Nxe5 d6 4. Nf3 Nxe4 5. d4 d5 6. Bd3 Bg4 7. 0-0 Be7 8. c4 c6 9. Re1 0-0 10. Bxe4 dxe4 11. Rxe4 f5 12. Re1 Bb4 13. Re3 f4 14. Re4 Bf5 15. Rxf4 g5 16. Rxf5 Rxf5 17. c5 Qd5 18. a3 Ba5 19. b4 Bc7 20. Nc3 Qf7 21. Nxg5 Qe7 22. Qb3+ Kg7 23. Qe6 Bd8 24. Qxe7+ Bxe7 25. Ne6+ Kg6 26. Nc7 Na6 27. Nxa8 Rf8 28. Nb6 axb6 29. cxb6 Bf6 30. Be3 c5 31. bxc5 Nxc5 32. dxc5 Bxc3 33. Rd1 1-0